[Event "Santiago de Cuba Province-ch tt"]
[Site "Santiago de Cuba"]
[Date "2018.10.15"]
[Round "9.2"]
[White "Cespedes Bejerano, Jose Angel"]
[Black "Ruiz Bisbe, Yamir"]
[Result "1-0"]
[WhiteElo "2080"]
[BlackElo "1986"]
[PlyCount "41"]
[EventDate "2018.10.09"]
[EventType "team-tourn"]
[EventRounds "10"]
[EventCountry "CUB"]
[SourceTitle "EXT 2021"]
[Source "ChessBase"]
[SourceDate "2020.10.23"]
[SourceVersion "1"]
[SourceVersionDate "2020.10.23"]
[SourceQuality "1"]

1. e4 d6 2. d4 Nd7 3. f4 c5 4. c3 Ngf6 5. e5 Ne4 6. Bd3 f5 7. e6 Nb8 8. Bxe4 fxe4 9. d5 Qa5 10. f5 c4 11. Nh3 Na6 12. 0-0 b6 13. Na3 Qc5+ 14. Kh1 b5 15. Qh5+ Kd8 16. Ng5 Kc7 17. Nf7 Qxd5 18. Nxh8 g6 19. Qxh7 gxf5 20. Ng6 Bxe6 21. Nxf8 1-0

[Event "Santiago de Cuba Province-ch tt"]
[Site "Santiago de Cuba"]
[Date "2018.10.13"]
[Round "7.3"]
[White "Suarez Castro, Armando"]
[Black "Ruiz Bisbe, Yamir"]
[Result "0-1"]
[WhiteElo "2083"]
[BlackElo "1986"]
[PlyCount "80"]
[EventDate "2018.10.09"]
[EventType "team-tourn"]
[EventRounds "10"]
[EventCountry "CUB"]
[SourceTitle "EXT 2021"]
[Source "ChessBase"]
[SourceDate "2020.10.23"]
[SourceVersion "1"]
[SourceVersionDate "2020.10.23"]
[SourceQuality "1"]

1. c4 d6 2. g3 c5 3. Bg2 Nf6 4. Nc3 Nc6 5. a3 g6 6. Rb1 Bg7 7. e3 e5 8. b4 0-0 9. Nge2 Bg4 10. h3 Be6 11. d3 Qd7 12. Nd5 Rfe8 13. Nec3 Rab8 14. g4 h6 15. Bd2 Nh7 16. b5 Ne7 17. b6 a6 18. Nc7 Rf8 19. Nxe6 fxe6 20. 0-0 g5 21. Ne4 Ng6 22. f3 Rf7 23. Be1 Rc8 24. Nc3 d5 25. cxd5 exd5 26. Qb3 Nf6 27. f4 c4 28. dxc4 dxc4 29. Qc2 Qd3 30. Qxd3 cxd3 31. fxe5 Nxe5 32. Nd5 Rc2 33. Bg3 Rxg2+ 34. Kxg2 Nxd5 35. Rxf7 Kxf7 36. Be1 Nxe3+ 37. Kf2 N3c4 38. Rb3 d2 39. Bxd2 Nxd2 40. Rd3 Ndc4 0-1

[Event "Santiago de Cuba Province-ch tt"]
[Site "Santiago de Cuba"]
[Date "2018.10.10"]
[Round "2.3"]
[White "Ruiz Bisbe, Yamir"]
[Black "Suarez Castro, Armando"]
[Result "0-1"]
[WhiteElo "1986"]
[BlackElo "2083"]
[PlyCount "62"]
[EventDate "2018.10.09"]
[EventType "team-tourn"]
[EventRounds "10"]
[EventCountry "CUB"]
[SourceTitle "EXT 2021"]
[Source "ChessBase"]
[SourceDate "2020.10.23"]
[SourceVersion "1"]
[SourceVersionDate "2020.10.23"]
[SourceQuality "1"]

1. c4 Nf6 2. d4 e6 3. Nf3 Bb4+ 4. Bd2 Qe7 5. Nc3 0-0 6. g3 b6 7. Bg2 Bb7 8. 0-0 d6 9. Re1 Nbd7 10. Qb3 Bxc3 11. Bxc3 Ne4 12. Nh4 f5 13. a4 a5 14. Qc2 g5 15. Nf3 Ndf6 16. Nxg5 Ng4 17. Nh3 Nexf2 18. Qd2 Bxg2 19. Nxf2 Nxf2 20. Kxf2 Be4 21. Kg1 f4 22. Rf1 fxg3 23. hxg3 d5 24. Qh6 Bg6 25. Qe3 Be4 26. Rf4 Rxf4 27. Qxf4 Rf8 28. Qg4+ Kh8 29. Bd2 Qf6 30. Bf4 Qxd4+ 31. Kh2 e5 0-1